Statistics for Fast Typing - Lorem Ipsum

Click here to take the quiz!

General Stats

  • This quiz has been taken 147 times
  • The average score is 42 of 69

Answer Stats

HintAnswer% Correct
dolordolor
100%
ipsumipsum
100%
LoremLorem
100%
amet,amet,
99%
sitsit
99%
elit,elit,
95%
consecteturconsectetur
94%
dodo
94%
sedsed
94%
adipiscingadipiscing
92%
eiusmodeiusmod
91%
temportempor
90%
etet
88%
laborelabore
88%
utut
88%
incididuntincididunt
87%
doloredolore
86%
magnamagna
86%
adad
85%
enimenim
85%
minimminim
85%
quisquis
85%
Utut
85%
aliqua.aliqua.
84%
nostrudnostrud
84%
veniam,veniam,
84%
exercitationexercitation
82%
nisinisi
82%
utut
81%
laborislaboris
80%
exex
79%
ullamcoullamco
79%
eaea
78%
aliquipaliquip
76%
commodocommodo
76%
DuisDuis
74%
consequat.consequat.
73%
auteaute
70%
irureirure
67%
dolordolor
66%
inin
66%
inin
60%
reprehenderitreprehenderit
58%
voluptatevoluptate
51%
velitvelit
47%
esseesse
45%
eueu
43%
cillumcillum
42%
doloredolore
42%
fugiatfugiat
37%
nullanulla
33%
pariatur.pariatur.
30%
sintsint
25%
ExcepteurExcepteur
24%
occaecatoccaecat
20%
cupidatatcupidatat
19%
nonnon
19%
proident,proident,
17%
inin
16%
quiqui
16%
culpaculpa
15%
suntsunt
15%
idid
14%
animanim
13%
deseruntdeserunt
13%
estest
13%
officiaofficia
13%
laborum.laborum.
12%
mollitmollit
11%

Score Distribution

Percentile by Number Answered

Percent of People with Each Score

Your Score History

You have not taken this quiz